[Event "IND-ch Rapid"]
[Site "Nashik"]
[Date "2022.04.27"]
[Round "3"]
[White "Sharma, Dinesh Kumar"]
[Black "Aradhya, Garg"]
[Result "1/2-1/2"]
[WhiteElo "2254"]
[BlackElo "2295"]
[PlyCount "91"]
[EventDate "2022.04.27"]
[EventType "swiss (rapid)"]
[EventRounds "9"]
[EventCountry "IND"]
[SourceTitle "CBM 208 Extra"]
[Source "ChessBase"]
[SourceDate "2022.07.31"]
[SourceVersion "1"]
[SourceVersionDate "2022.07.31"]
[SourceQuality "1"]

1. Nf3 d5 2. d4 Nf6 3. c4 c6 4. e3 Bg4 5. h3 Bxf3 6. Qxf3 e6 7. Bd3 Bb4+ 8. Nc3 Nbd7 9. 0-0 0-0 10. Qd1 c5 11. cxd5 exd5 12. dxc5 Nxc5 13. Be2 Ne6 14. Qb3 Bxc3 15. bxc3 Qc7 16. c4 d4 17. Bb2 Rfd8 18. Rfd1 Nc5 19. Qa3 dxe3 20. Qxe3 Re8 21. Qf3 Qe7 22. Bxf6 Qxf6 23. Qxf6 gxf6 24. Bf3 Rad8 25. Rab1 b6 26. Kf1 Kg7 27. Bd5 f5 28. Rd4 Re4 29. Rdd1 Re5 30. Bf3 Rc8 31. g3 Rc7 32. Rb5 Kf6 33. Rd4 Ne6 34. Rh4 Rxb5 35. cxb5 Rc5 36. Ra4 Rxb5 37. Rxa7 f4 38. Ra4 fxg3 39. fxg3 Ng5 40. Bg4 h5 41. Bxh5 Nxh3 42. Be2 Rf5+ 43. Ke1 Re5 44. Kf1 Rf5+ 45. Ke1 Re5 46. Kf1 1/2-1/2

[Event "New Delhi op 19th"]
[Site "New Delhi"]
[Date "2022.03.23"]
[Round "2"]
[White "Arjun, Kalyan"]
[Black "Sharma, Dinesh Kumar"]
[Result "1/2-1/2"]
[WhiteElo "2506"]
[BlackElo "2283"]
[PlyCount "77"]
[EventDate "2022.03.22"]
[EventType "swiss"]
[EventRounds "10"]
[EventCountry "IND"]
[SourceTitle "CBM 207 Extra"]
[Source "ChessBase"]
[SourceDate "2022.05.31"]
[SourceVersion "1"]
[SourceVersionDate "2022.05.31"]
[SourceQuality "1"]

1. e4 e6 2. d4 d5 3. Nc3 Nf6 4. e5 Nfd7 5. f4 c5 6. Nf3 Nc6 7. Be3 cxd4 8. Nxd4 Bc5 9. Qd2 0-0 10. 0-0-0 a6 11. Nb3 Bb4 12. Kb1 f6 13. exf6 Nxf6 14. Bd3 Ng4 15. Bg1 Nf6 16. h3 Kh8 17. a3 Bd6 18. Be3 b5 19. g4 b4 20. axb4 Nxb4 21. Be2 a5 22. g5 Ng8 23. h4 a4 24. Nc1 Ne7 25. Bg4 a3 26. h5 axb2 27. Nb3 Kg8 28. h6 g6 29. Kxb2 e5 30. fxe5 Bxe5 31. Bd4 Bxg4 32. Bxe5 Bxd1 33. Rxd1 Nec6 34. Bf6 Rxf6 35. gxf6 Qxf6 36. Kb1 Rd8 37. Nb5 Qe5 38. Re1 Qf6 39. N5d4 1/2-1/2